Comprehensive handbook of psychological assessment / (Record no. 558)

MARC details
000 -LEADER
fixed length control field 01996cam a2200373 a 4500
005 - DATE AND TIME OF LATEST TRANSACTION
control field 20260322212025.0
008 - FIXED-LENGTH DATA ELEMENTS--GENERAL INFORMATION
fixed length control field data
010 ## - LIBRARY OF CONGRESS CONTROL NUMBER
LC control number 2002193381
020 ## - INTERNATIONAL STANDARD BOOK NUMBER
International Standard Book Number 047141610X (set : hardcover : alk. paper)
020 ## - INTERNATIONAL STANDARD BOOK NUMBER
International Standard Book Number 0471416118 (v. 1 : hardcover : alk. paper)
020 ## - INTERNATIONAL STANDARD BOOK NUMBER
International Standard Book Number 0471416126 (v. 2 : hardcover : alk. paper)
020 ## - INTERNATIONAL STANDARD BOOK NUMBER
International Standard Book Number 0471416134 (v. 3 : hardcover : alk. paper)
020 ## - INTERNATIONAL STANDARD BOOK NUMBER
International Standard Book Number 0471416142 (v. 4 : hardcover : alk. paper)
020 ## - INTERNATIONAL STANDARD BOOK NUMBER
International Standard Book Number 9780471416104 (set : hardcover : alk. paper)
020 ## - INTERNATIONAL STANDARD BOOK NUMBER
International Standard Book Number 9780471416111 (v. 1 : hardcover : alk. paper)
020 ## - INTERNATIONAL STANDARD BOOK NUMBER
International Standard Book Number 9780471416128 (v. 2 : hardcover : alk. paper)
020 ## - INTERNATIONAL STANDARD BOOK NUMBER
International Standard Book Number 9780471416135 (v. 3 : hardcover : alk. paper)
020 ## - INTERNATIONAL STANDARD BOOK NUMBER
International Standard Book Number 9780471416142 (v. 4 : hardcover : alk. paper)
040 ## - CATALOGING SOURCE
Original cataloging agency DLC
Transcribing agency DLC
Modifying agency CtY-M
-- CtY-M
042 ## - AUTHENTICATION CODE
Authentication code pcc
050 00 - LIBRARY OF CONGRESS CALL NUMBER
Classification number BF176
Item number .C654 2003
096 ## - LOCALLY ASSIGNED NLM-TYPE CALL NUMBER (OCLC)
Classification number WM 145 C654 2003
001 - CONTROL NUMBER
control field data
245 00 - TITLE STATEMENT
Title Comprehensive handbook of psychological assessment /
Statement of responsibility, etc. edited by Michel Hersen.
260 ## - PUBLICATION, DISTRIBUTION, ETC.
Place of publication, distribution, etc. Hoboken, N.J. :
Name of publisher, distributor, etc. John Wiley & Sons,
Date of publication, distribution, etc. 2004.
300 ## - PHYSICAL DESCRIPTION
Extent 4 v. :
Other physical details ill. ;
Dimensions 29 cm.
504 ## - BIBLIOGRAPHY, ETC. NOTE
Bibliography, etc. note Includes bibliographical references and index.
505 0# - FORMATTED CONTENTS NOTE
Formatted contents note v. 1. Intellectual and neuropsychological assessment / editors, Gerald Goldstein and Sue R. Beers -- v. 2. Personality assessment / editors, Mark J. Hilsenroth & Daniel L. Segal -- v. 3. Behavioral assessment / editors, Stephen N. Haynes, Elaine M. Heiby -- v. 4. Industrial and organizational assessment / editor, Jay C. Thomas.
590 ## - LOCAL NOTE (RLIN)
Local note Includes bibliographical references and indexes.
590 ## - LOCAL NOTE (RLIN)
Local note Library has: volumes 2, 3, 4
590 ## - LOCAL NOTE (RLIN)
Local note v. 1. Intellectual and neuropsychological assessment / editors, Gerald Goldstein, Sue R. Beers -- v. 2. Personality assessment / editors, Mark J. Hilsenroth, Daniel L. Segal -- v. 3. Behavioral assessment / editors, Stephen N. Haynes, Elaine M. Heiby -- v. 4. Industrial and organizational assessment / editor, Jay C. Thomas.
650 #0 - SUBJECT ADDED ENTRY--TOPICAL TERM
Topical term or geographic name entry element Psychological tests.
700 1# - ADDED ENTRY--PERSONAL NAME
Personal name Hersen, Michel.
Holdings
Withdrawn status Lost status Damaged status Not for loan Home library Current library Shelving location Date acquired Total checkouts Full call number Barcode Date last seen Price effective from Koha item type
        Centerville Centerville General stacks 22/03/2026   BF176 .C654 2003 BC0010571 22/03/2026 22/03/2026 Books